Liczby większe niż liczba π (pi) - Statystyki

Ogólne statystyki
  • Ten quiz został rozwiązany 347 razy
  • Średni wynik to 4 z 9
Answers on the Grid
Answers color-coded by a green-red scale on the quiz's grid according to % correct below.
22/7
33/106
355/113
√10
√2+√3
3+1/8
19/6
π
3 + √0,02
428/136
2^(3/2)
3,2
7^(2/5)
3,141593
4
 
Statystyki odpowiedzi
Odpowiedź % Poprawnych
4
83%
3,2
69%
22/7
50%
19/6
46%
3,141593
44%
355/113
43%
√10
41%
428/136
33%
√2+√3
27%
Nie znaleziono quizów pasujących do podanych kryteriów
Rozkład punktacji
Procent ludzi z każdym wynikiem
Percentyl według liczby udzielonych odpowiedzi
Twoja historia wyników
Nie rozwiązałeś tego quizu